Úloha rozvojovej pomoci v hospodárskom rozvoji vybraných štátov subsaharskej Afriky diplomová práca

Saved in:
Bibliographic Details
Main Author: Čimová, Lucia
Corporate Author: Fakulta medzinárodných vzťahov EU. Katedra medzinárodných ekonomických vzťahov a hospodárskej diplomacie
Other Authors: Grančay, Nóra
Format: Book
Language:Slovak
Published: Bratislava 2015
Tags: Add Tag
No Tags, Be the first to tag this record!

MARC

LEADER 00000nbm a2200000 4500
001 0201155
005 20161212100006.4
041 0 |a slo 
044 |a SK 
245 1 0 |a Úloha rozvojovej pomoci v hospodárskom rozvoji vybraných štátov subsaharskej Afriky  |b diplomová práca  |c Lucia Čimová ; školiteľ: Nóra Grančay 
264 1 |a Bratislava  |c 2015 
300 |a 122 s. 
100 1 |a Čimová, Lucia 
700 1 |a Grančay, Nóra 
710 2 |a Fakulta medzinárodných vzťahov EU. Katedra medzinárodných ekonomických vzťahov a hospodárskej diplomacie